000 01113nam a22002657a 4500
005 20240530110559.0
008 160903s2013 ua g 000 0dara d
017 _a2011/21323
_bمصر . دار الكتب المصرية
020 _a9789777048941
040 _aEG-CaGPL
082 0 4 _221
_a150.1952\
_bأ ت
100 1 _aأيزينك ، هانز ج .
245 1 0 _aتدهور امبراطورية فرويد وسقوطها /
_cتايف هانز ج . أيزينك ؛ ترجمة و تقديم عادل نجيب بشرى ؛ مراجعة محمد نجيب الصبوة .
250 _aط1.
260 _aالقاهره :
_bالمركز القومى للترجمه ،
_c2013 .
300 _a337 ص ؛
_c24 سم .
490 0 _aالمشروع القومى للترجمة
_v2077
650 0 4 _aمذهب فرويد .
650 0 4 _aالتحليل النفسى .
650 0 4 _aالعلاج النفسى .
700 0 _aعادل نجيب بشرى
_eمترجم و مقدم .
700 0 _aمحمد نجيب الصبوة
_eمراجع .
942 _2ddc
_cBK
999 _c62629
_d62629